000 00876cam a2200277 i 4500
008
020 _a0815132778 (hbk.)
049 _aMAIN
090 _aQR245
_bFRE
100 1 _aFrey, Dorothea.
245 1 0 _aColor atlas of pathogenic fungi /
_cDorothea Frey ; Ronald Jowett Oldfield and Ronald C. Bridger.
260 _aChicago :
_bYear Book Medical Publishers,
_c1979.
300 _a168 p. :
_bill. ;
_c27 cm.
500 _aIncludes index.
504 _aIncludes bibliographical references.
650 0 _aPathogenic fungi
_xAtlases.
650 0 _aHistology, Pathological
_xAtlases.
650 2 _aFungi
_xAtlases.
700 1 _aOldfield, Ronald Jowett.
700 1 _aBridger, Ronald C.
907 _a.b10394163
_b29-10-18
_c29-10-18
003
005 20230120204231.0
040 _cNUST
942 _cBOOKS
_kQR245
_mFRE
999 _c119546
_d119546